书目信息 |
| 题名: |
大学英语四级考试710分新题型高分攻略
|
|
| 作者: | 汪翠珍 主编 | |
| 分册: | 听力分册 | |
| 出版信息: | 北京 高等教育出版社 2007.07 |
|
| 页数: | 191页 | |
| 开本: | 28cm | |
| 丛书名: | 大学英语四、六级考试710分新题型系列 | |
| 单 册: | ||
| 中图分类: | H310.42 | |
| 科图分类: | ||
| 主题词: | 英语--ying yu--高等学校--教学参考资料 , 英语--ying yu--听说教学--高等学校--教学参考资料 | |
| 电子资源: | ||
| ISBN: | 978-7-04-022044-5 | |
| 000 | 01179nam 2200289 450 | |
| 001 | 012008534975 | |
| 005 | 20080425104341.60 | |
| 010 | @a978-7-04-022044-5@dCNY26.90 (含光盘) | |
| 016 | @aCN-M02-07-0098-0@b光盘 | |
| 100 | @a20080425d2007 em y0chiy0120 ea | |
| 101 | 0 | @achi@aeng |
| 102 | @aCN@b110000 | |
| 105 | @ay z 000yy | |
| 106 | @ar | |
| 200 | 1 | @a大学英语四级考试710分新题型高分攻略@Ada xue ying yu si ji kao shi 710 fen xin ti xing gao fen gong lue@i听力分册@f汪翠珍主编@Fwang cui zhen zhu bian |
| 210 | @a北京@c高等教育出版社@d2007.07 | |
| 215 | @a191页@d28cm@e光盘1片 | |
| 225 | 2 | @a大学英语四、六级考试710分新题型系列@Ada xue ying yu si、liu ji kao shi 710 fen xin ti xing xi lie |
| 330 | @a本书共分三大部分:听力题型概述、听力分项详解和模拟试题。听力详解部分包括题型分解、重点、难点及考点分析等。 | |
| 410 | 0 | @12001 @a大学英语四、六级考试710分新题型系列 |
| 517 | 1 | @a听力分册@Ating li fen ce |
| 606 | 0 | @a英语@Aying yu@x高等学校@j教学参考资料 |
| 606 | 0 | @a英语@Aying yu@x听说教学@x高等学校@j教学参考资料 |
| 690 | @aH310.42@v4 | |
| 701 | 0 | @a汪翠珍@Awang cui zhen@4主编 |
| 801 | 0 | @aCN@bQSSK@c20080425 |
| 905 | @b297332-34@dH310.42@eW059@f3 | |
| 大学英语四级考试710分新题型高分攻略.听力分册/汪翠珍主编.-北京:高等教育出版社,2007.07 |
| 191页;28cm+光盘1片.-(大学英语四、六级考试710分新题型系列) |
| ISBN 978-7-04-022044-5:CNY26.90 (含光盘) |
| 本书共分三大部分:听力题型概述、听力分项详解和模拟试题。听力详解部分包括题型分解、重点、难点及考点分析等。 |
| ● |
| 相关链接 |
|
|
|
正题名:大学英语四级考试710分新题型高分攻略
索取号:H310.42/W059
 
预约/预借
| 序号 | 登录号 | 条形码 | 馆藏地/架位号 | 状态 | 备注 |
| 1 | 297332 | 202973327 | 语言库209/209语言库 97排3列6层/ [索取号:H310.42/W059] | 在馆 | |
| 2 | 297333 | 202973336 | 语言库209/209语言库 97排3列6层/ [索取号:H310.42/W059] | 在馆 | |
| 3 | 297334 | 202973345 | 语言库209/209语言库 97排3列6层/ [索取号:H310.42/W059] | 在馆 |